00514nam a2200205 a 450000100060000000300090000600800410001502000150005604000280007108200170009910000190011624500310013525000060016626000400017230000110021249000210022365000210024465000230026565000200028811624CO-ViMGA141112s2004 ck r 000 u spa d a8478441700 aCO-ViMGAbspacCO-ViMGA04a853.91 C15c31 aCalvino, Italo10aEl caballero inexistente  a3 aMadrid, cediciones siruela, c1995 a135 p. aSiruela bolsillo14aFABULAS - NOVELA14aIDENTIDAD - NOVELA14aNOVELA ITALIANA